000 00374nam a2200133Ia 4500
005 20260326100046.0
008 260326s9999||||xx |||||||||||||| ||und||
100 _aAcevedo De Iturriaga, Esther
245 0 _aLa Escultura del Siglo XIX /
_cEsther Acevedo De Iturriaga
260 _bInstituto Nacional de Bellas Artes
300 _a117 p.
650 _aESCULTURA
942 _cBK
999 _c7185
_d7185